Direito Penal Europeu

Bibliographic Details
Main Author: Farah Lopes de Lima, Jos ̌Antonio
Format: eBook
Language:Portuguese
Published: Jardim Leme : Editora JH Mizuno, 2007.
Subjects:
Online Access:Acceso restringido

MARC

LEADER 00000nam a22000007a 4500
005 20160105175558.0
007 cr|||| ||||
008 160105s2007 br |||||s|||| 00||0 por d
020 |a 978-85-89857-95-6 
035 |a 13001 
040 |a vLex 
090 |c 5766  |d 5766 
100 1 |a Farah Lopes de Lima, Jos ̌Antonio 
245 1 0 |a Direito Penal Europeu  |h [Recurso electrn̤ico] /  |c Jos ̌Antonio Farah Lopes de Lima  
256 |a Servicio en ln̕ea 
260 |a Jardim Leme :  |b Editora JH Mizuno,  |c 2007. 
300 |a 1 recurso electrn̤ico 
506 1 |a Contenido disponible en los productos indicados  |d vLex Global  |d vLex Global (Academic Edition, excluding Law Schools)  |d vLex Global (U.S. Academic Edition, Law Schools)  |d vLex Global (U.S. Academic Edition, excluding Law Schools)  |d vLex Global (Academic Edition, Law Schools) 
650 0 4 |a Derecho penal  |z Unin̤ Europea 
740 0 |a vLex Libros (Servicio en ln̕ea) 
856 4 0 |u http://vlex.com/source/direito-penal-europeu-13001  |z Acceso restringido  
942 |c BOOK 
999 0 |a  Criminal law